000 01520nam0a22002891 4500
001 rc\3752820
005 20260406162542.0
021 _aRU
_b[71-79315]
035 _a(NLR Aleph) 007875008
090 _a7881976
_c7881976
100 _a20130115d1971 |||y0rusy50 ca
101 0 _arus
102 _aRU
105 _aa z |||||
200 1 _aСтроительная механика сооружений
_eСборник науч. работ, посвящ. 100-летию со дня рождения акад. Б.Г. Галеркина
_fПод ред. Л.А. Розина
_gМ-во высш. и сред. спец. образования РСФСР. Ленингр. политехн. ин-т им. М.И. Калинина. Кафедра строит. механики и теории упругости
210 _a[Ленинград]
_cБ. и.
_d1971
215 _a194 с.
_cчерт.
_d20
320 _aСписки лит. в конце работ
606 _aСтроительная механика
_jСборники
_2psbo
702 1 _aГалеркин
_bБ.Г.
_gБорис Григорьевич
_4570
702 1 _aРозин
_bЛ.А.
_4340
712 0 2 _aЛенинградский политехнический институт им. М. И. Калинина
_bКафедра строительной механики и теории упругости
_3RU\NLR\AUTH\889933992
_9363086
801 0 _aRU
_bNLR
_gpsbo
801 1 _aRU
_bELAR
_2rusmarc
852 _aNLR
_j71-3/7374
942 _cBOOK
980 _aNB